LEADER 00962nam0-22003371i-450- 001 990003837560403321 005 20080108101450.0 010 $a88-263-0830-6 035 $a000383756 035 $aFED01000383756 035 $a(Aleph)000383756FED01 035 $a000383756 100 $a20030910d1990----km-y0itay50------ba 101 0 $aita 102 $aIT 105 $a--------001cy 200 1 $a<>tentazioni e altri saggi di antropologia$fValerio Petrarca 210 $aRoma$cBorla$dc1990 215 $a173 p.$d23 cm 320 $aContiene bibl. (pp. 161-172) 610 0 $aRITO$aAspetti antropologici 610 0 $aMITO$aAspetti antropologici 676 $a306.69113$v21$zita 700 1$aPetrarca,$bValerio$0145360 801 0$aIT$bUNINA$gRICA$2UNIMARC 901 $aBK 912 $a990003837560403321 952 $a306.69113 PET 1$b2622$fBFS 959 $aBFS 996 $aTentazioni e altri saggi di antropologia$9507104 997 $aUNINA LEADER 00856nam0-22003011i-450 001 990003341000403321 005 20230314123954.0 035 $a000334100 035 $aFED01000334100 035 $a(Aleph)000334100FED01 035 $a000334100 100 $a20001010d1911----km-y0itay50------ba 101 0 $aeng 102 $aIT 105 $ay-------001yy 200 1 $aEnglish bookkeeping practice and commercial correspondence$fN. Spinelli 210 $aTorino$cS. Lattes e Co$d1911 215 $a184 p.$d20 cm 676 $a082.2 700 1$aSpinelli,$bNiccolò$0407993 801 0$aIT$bUNINA$gRICA$2UNIMARC 901 $aBK 912 $a990003341000403321 952 $a082.2 SPI /1$bLINGUE B 050094$fDECLI 959 $aDECLI 996 $aEnglish bookkeeping practice and commercial correspondence$93046521 997 $aUNINA DB $aING01